000 00884nam a22002537a 4500
005 20170124103023.0
010 _aA-812391
020 _c100.00
_a8185045496
035 _aA-812391
037 _bCen Lib/Ret
040 _aDPL
_bHN
082 _a
_bसंजीव
100 _aसंजीव
_96954
245 _aब्लैक होल /
_cसंजीव
246 _aBlack hole /
_bby Sanjeev
260 _aदिल्ली
_bदिशा प्रकाशन
_c1997
270 _a138/16, त्रिनगर
_bदिल्ली
_e110035
300 _a155पृ.
_c20सेमी (सजिल्द)
650 _aहिन्दी -- साहित्य
_961161
650 _aहिन्दी -- कहानी
_9779
650 _aHindi -- Literature
_961162
650 _aHindi -- Story
_943117
942 _2ddc
_cHN
_h
_mसंजीव
999 _c115376
_d115376